Flora da Região de Xingó, Alagoas e Sergipe (Brasil): Turneraceae (Registro n. 331263)
[ somente texto ]
| 000 -LÍDER | |
|---|---|
| fixed length control field | 02173nab a2200277 i 4500 |
| 003 - CÓDIGO MARC DA AGÊNCIA CATALOGADORA | |
| Campo de controle | BR-BrBNA |
| 005 - DATA E HORA DA ÚLTIMA ATUALIZAÇÃO | |
| Campo de controle | 20250429124530.0 |
| 008 - CAMPO DE TAMANHO FIXO | |
| fixed length control field | 250429b2017 bl.qr|pooa||| 00| 0 por | |
| 040 ## - FONTE DA CATALOGAÇÃO | |
| Agência catalogadora | BR-BrBNA |
| Idioma da catalogação | por |
| 072 ## - CATEGORIA AGRIS | |
| Código AGRIS | F70 |
| 100 ## - ENTRADA PRINCIPAL - NOME PESSOAL | |
| Nome pessoal | Rocha, Lamarck |
| 100 ## - ENTRADA PRINCIPAL - NOME PESSOAL | |
| Nome pessoal | Camacho, Ramiro Gustavo Valera |
| 100 ## - ENTRADA PRINCIPAL - NOME PESSOAL | |
| Nome pessoal | Sales, Margareth Ferreira de |
| 100 ## - ENTRADA PRINCIPAL - NOME PESSOAL | |
| Nome pessoal | Melo, José Iranildo Miranda de |
| 245 ## - TÍTULO PRINCIPAL | |
| Título principal | Flora da Região de Xingó, Alagoas e Sergipe (Brasil): Turneraceae |
| 500 ## - NOTA GERAL | |
| Nota geral | Publicação on-line; 31 ref.; 3 illus.; Summaries (En, Pt) |
| 942 ## - ADDED ENTRY ELEMENTS (KOHA) | |
| Koha item type | Analítica |
| 520 ## - NOTA DE RESUMO | |
| Nota de conteúdo | <br/><br/>Resumo<br/><br/>Este trabalho compreende o levantamento taxonômico da família Turneraceae para a Região de Xingó:<br/>Alagoas e Sergipe, Nordeste brasileiro. Foram encontradas nove espécies, distribuídas em dois gêneros:<br/>Piriqueta cistoides, P. guianensis, P. racemosa, Turnera calyptrocarpa, T. cearensis, T. chamaedrifolia, T.<br/>hermannioides, T. pumilea e T. subulata. O tratamento taxonômico inclui chave de identificação, descrições,<br/>ilustrações e comentários sobre os táxons.<br/><br/>Palavras-chave: Caatinga, florística, nordeste brasileiro, Piriqueta, Turnera.<br/><br/><br/><br/><br/><br/>Abstract<br/><br/>This work comprises the taxonomic survey of the family Turneraceae for the Xingó Region: states of Alagoas<br/>and Sergipe, Brazilian northeastern. Nine species distributed in two genera were found: Piriqueta cistoides, <br/>P. guianensis, P. racemosa, Turnera calyptrocarpa, T. cearensis, T. chamaedrifolia, T. hermannioides, T.<br/>pumilea and T. subulata. The taxonomic treatment includes an identification key, descriptions, illustrations<br/>and comments about the taxa.<br/><br/>Key words: Caatinga vegetation, floristics, Brazilian northeastern, Piriqueta, Turnera. |
| 650 ## - ASSUNTO - THESAGRO | |
| Cabeçalho tópico ou nome geográfico | CAATINGA |
| 650 ## - ASSUNTO - THESAGRO | |
| Cabeçalho tópico ou nome geográfico | COMPOSIÇÃO BOTÂNICA |
| 650 ## - ASSUNTO - THESAGRO | |
| Cabeçalho tópico ou nome geográfico | TURNERACEAE |
| 650 ## - ASSUNTO - THESAGRO | |
| Cabeçalho tópico ou nome geográfico | NORDESTE |
| 773 0# - ENTRADA ANALÍTICA | |
| Host Biblionumber | 709 |
| Registro do item | 349998 |
| Imprenta | Rio de Janeiro-RJ Jardim Botanico do Rio de Janeiro 1935 |
| Outro identificador | 2025-2520 |
| Título | Rodriguésia (Brazil) |
| ISSN | 0370-6583; 2175-7860 on-line |
| Colação | v. 68(2) p. 569-579; (2017) |
| Número de controle de registro | BR2025000795 |
| 856 ## - ACESSO E ENDEREÇO ELETRÔNICO | |
| Identificador uniforme de recurso - URI | https://www.scielo.br/j/rod/a/npQLXsZJ6CFXZrrrDrTVMgM/?format=pdf&lang=pt |
Nenhum exemplar disponível.

BINAGRI